<?xml version="1.0" encoding="UTF-8"?><collection xmlns="info:lc/xmlns/marcxchange-v2"><record format="Unimarc" type="bibliographic"><leader>00797nam  2200229   450 </leader><controlfield tag="001">2812582</controlfield><controlfield tag="003">http://id.bnportugal.gov.pt/bib/porbase/2812582</controlfield><datafield ind1=" " ind2=" " tag="010"><subfield code="a">978-1-84511-717-7</subfield></datafield><datafield ind1=" " ind2=" " tag="035"><subfield code="a">(bn)1985451</subfield></datafield><datafield ind1=" " ind2=" " tag="100"><subfield code="a">20180319d2011    k  y0pory01030103ba</subfield></datafield><datafield ind1="0" ind2=" " tag="101"><subfield code="a">eng</subfield></datafield><datafield ind1=" " ind2=" " tag="102"><subfield code="a">GB</subfield><subfield code="a">US</subfield></datafield><datafield ind1=" " ind2=" " tag="106"><subfield code="a">r</subfield></datafield><datafield ind1="1" ind2=" " tag="200"><subfield code="a">?A ?modern history of the Ismailis</subfield><subfield code="e">continuity and change in a muslim community</subfield><subfield code="f">ed. by Farhad Daftary</subfield></datafield><datafield ind1=" " ind2="9" tag="210"><subfield code="a">London ;</subfield><subfield code="a">New York</subfield><subfield code="c">I.B.Tauris</subfield><subfield code="c">The Institute of Ismaili Studies</subfield><subfield code="d">2011</subfield></datafield><datafield ind1=" " ind2=" " tag="215"><subfield code="a">XXI, 400 p.</subfield></datafield><datafield ind1="2" ind2=" " tag="225"><subfield code="a">Ismaili heritage series</subfield><subfield code="v">13</subfield></datafield><datafield ind1=" " ind2=" " tag="317"><subfield code="a">Biblioteca Eva-Maria von Kemnitz</subfield><subfield code="5">PTBN: R. 29746 V.</subfield></datafield><datafield ind1=" " ind2=" " tag="675"><subfield code="a">28-9(042)</subfield><subfield code="v">BN</subfield><subfield code="z">por</subfield><subfield code="3">2163573</subfield></datafield><datafield ind1=" " ind2=" " tag="675"><subfield code="a">28-662(042)</subfield><subfield code="v">BN</subfield><subfield code="z">por</subfield><subfield code="3">2163574</subfield></datafield><datafield ind1=" " ind2="1" tag="702"><subfield code="a">Farhad</subfield><subfield code="b">Daftary</subfield><subfield code="f">1938-</subfield><subfield code="4">340</subfield><subfield code="3">2182810</subfield></datafield><datafield ind1=" " ind2="0" tag="801"><subfield code="a">PT</subfield><subfield code="b">BN</subfield><subfield code="g">RPC</subfield></datafield><datafield ind1=" " ind2=" " tag="966"><subfield code="l">BN</subfield><subfield code="m">FGMON</subfield><subfield code="s">R. 29746 V.</subfield><subfield code="x">3</subfield></datafield></record></collection>